| 000 | 00594nam a22002052 4500 | ||
|---|---|---|---|
| 001 | 0000023667 | ||
| 005 | 20151217152246.0 | ||
| 008 | 130315s xx 000 0 eng d | ||
| 020 | _a0199299423 : | ||
| 040 |
_aKABU _cKABU |
||
| 245 | 1 | 0 |
_aUrological surgery / _cJohn Reynard ... [et al.]. |
| 250 | _a1st ed. | ||
| 260 |
_aOxford : _bO. U. P., _c2008. |
||
| 300 | _axxiii, 835 p. | ||
| 650 | 0 |
_aGenitourinary organs _xSurgery. _@0000183272 |
|
| 700 | 1 |
_aReynard, John. _@0000183273 |
|
| 852 | 1 | _9p4095 KES | |
| 908 | _a130315 | ||
| 950 | _@1 | ||
| 999 |
_c9916 _d9916 |
||